JAEHYUN - Unconditional (NCT) - Statistics

General Stats
  • This quiz has been taken 191 times
  • The average score is 292 of 405
Answer Stats
Lyrics % Correct
a
98%
got
96%
I
96%
she
94%
She
94%
the
94%
from
92%
her
92%
no
91%
me
90%
this
90%
This
90%
Ba
89%
ba
89%
California
89%
girl
89%
so
88%
to
88%
mine
87%
da
86%
Met
85%
'bout
83%
is
82%
aura
81%
baby
81%
Baby
81%
my
81%
Prada
81%
that
81%
doubt
80%
queen
80%
Something
80%
woman
80%
an
78%
out
78%
around
77%
just
77%
on
77%
up
77%
for
76%
For
76%
fine
75%
mama
75%
be
74%
by
74%
raising
74%
shout
74%
we
74%
She's
73%
lemonade
73%
she's
73%
She's
73%
store
73%
damn
72%
fire
72%
Lord
71%
praise
71%
side
71%
straight
71%
sugar
71%
'Cause
70%
golden
70%
honey
69%
sticking
69%
don't
68%
deserves
67%
That's
67%
that's
67%
dominate
66%
gotta
66%
at
65%
Bought
65%
loved
65%
need
65%
taste
64%
di
63%
loud
63%
round
63%
Who
63%
good
62%
it
62%
made
61%
another
60%
can
60%
Can
60%
day
60%
shore
60%
with
60%
paper
59%
when
59%
since
58%
thing
58%
and
57%
limit
57%
Buy
56%
Oh
56%
Send
56%
been
55%
eight
55%
Skip
55%
break
54%
get
54%
double
53%
i'd
53%
I'd
53%
I've
53%
law
53%
more
53%
roses
53%
court
52%
Fly
52%
take
52%
way
52%
chase
50%
falling
50%
still
50%
world
50%
yeah
50%
all
49%
drama
49%
Dutch
47%
I'm
47%
billion
46%
hang
45%
rounded
45%
unconditiona-nal
45%
not
42%
say
42%
where
42%
locked
41%
even
40%
now
40%
A-list
39%
head
38%
turn
38%
gonna
36%
grey
34%
Ain't
31%
old
30%
we're
30%
'till
28%
afraid
27%
rocking
27%
stages
27%
through
27%
got's
17%
No matching quizzes found
Score Distribution
Percent of People with Each Score
Percentile by Number Answered
Your Score History
You have not taken this quiz